• 首页
  • 本馆介绍
  • 公告通知
  • 最新文献
  • 馆藏检索
  • 电子资源
  • 读者导购
  • 参考咨询
  • 我的图书馆
  • 登录
  • 详细信息显示
  • 放入我的书架
  • 预约/预借图书
  • 作者相关作品
  • 分类相关作品
  • 丛书相关作品
  • 出版社相关作品

书目信息

  • 表格格式
  • 工作单格式
  • 卡片格式
题名:
混凝土配合比经验式计算法
    
 
作者: ;水利电力部第十三工程局建筑工程处 编
分册:  
出版信息: 北京   中国建筑工业出版社  1975
页数: 99页
开本: 19cm
丛书名:
单 册:
中图分类: TU528.062
科图分类:
主题词: 混凝土-配合料--比例--计算 , 配合料-混凝土--比例--计算
电子资源:
ISBN: 15040.3215
000 00821nam0 2200241 450
001 0175002294
005 20100712215026.0
010    @a15040.3215@dCNY0.27
091    @a15040.3215@d¥0.27
100    @a19951024d1975 em y0chiy0110 ea
101 0  @achi
102    @aCN@b110000
105    @ay z 000yy
106    @ar
200 1  @a混凝土配合比经验式计算法@9Hun Ning Tu Pei He;Ge Bi Jing Yan Shi Ji Suan Fa @f水利电力部第十三工程局建筑工程处编
210    @a北京@c中国建筑工业出版社@d1975
215    @a99页@d19cm
606 0  @a混凝土-配合料@x比例@x计算
606 0  @a配合料-混凝土@x比例@x计算
690    @aTU528.062@v3
711 02 @a水利电力部第十三工程局建筑工程处@9shui li dian li bu di shi san gong cheng ju jian zhu gong cheng chu@4编
801  0 @aCN@bAzMarc@c20130904
905    @aBZT@dTU528.062@e3@f3@sTU528.062/3
    
    混凝土配合比经验式计算法/水利电力部第十三工程局建筑工程处编.-北京:中国建筑工业出版社,1975
    99页;19cm
    
    
    ISBN 15040.3215:CNY0.27
    
●
相关链接 在五车中查询图书 在当当中查询图书 在豆瓣中查询图书


正题名:混凝土配合比经验式计算法     索取号:TU528.062/3         预约/预借

序号 登录号 条形码 馆藏地/架位号 状态 备注
1 2000039523   2000039523   旧书回溯/ [索取号:TU528.062/3] 在馆    
2 2000039524   2000039524   旧书回溯/ [索取号:TU528.062/3] 在馆    
3 2000039525   2000039525   旧书回溯/ [索取号:TU528.062/3] 在馆    
山东省滨州职业学院图书馆 欢迎您!
大连网信软件有限公司© 版权所有